Primera Asamblea de la Unión de Ciudades Capitales Iberoamericanas. (Record no. 147524)

MARC details
000 -LEADER
campo de control de longitud fija 00849nam a2200229 i 4500
001 - NÚMERO DE CONTROL
campo de control 147524
003 - IDENTIFICADOR DE NÚMERO DE CONTROL
campo de control ES-MaACL
005 - FECHA Y HORA DE LA ÚLTIMA TRANSACCIÓN
campo de control 20230906202047.0
007 - CAMPO FIJO DE DESCRIPCIÓN FÍSICA--INFORMACIÓN GENERAL
campo de control de longitud fija t|
008 - DATOS DE LONGITUD FIJA--INFORMACIÓN GENERAL
campo de control de longitud fija 071002s1983 sp ||||1| spa d
020 ## - NÚMERO INTERNACIONAL ESTÁNDAR DEL LIBRO
Número Internacional Estándar del Libro 84-500-8631-0
080 ## - NÚMERO DE LA CLASIFICACIÓN DECIMAL UNIVERSAL
Número de la Clasificación Decimal Universal 352(8.03):061.3(8.03)"1982"
111 2# - ENTRADA PRINCIPAL--NOMBRE DE CONGRESO/REUNIÓN
Nombre de congreso/reunión o jurisdicción como elemento de entrada Unión de Ciudades Capitales Iberoamericanas.
Unidad subordinada
Número del congreso/reunión o número de parte o sección I.
Fecha del congreso o de la firma del tratado 1982.
Sede del congreso/Lugar de la reunión Madrid)
9 (RLIN) 172610
245 10 - MENCIÓN DEL TÍTULO
Título Primera Asamblea de la Unión de Ciudades Capitales Iberoamericanas.
260 ## - PUBLICACIÓN, DISTRIBUCIÓN, ETC.
Lugar de publicación, distribución, etc. Madrid :
Nombre del editor, distribuidor, etc. [Ayuntamiento de Madrid],
Fecha de publicación, distribución, etc. 1983 (
Fabricante Artes Gráf. Municipales)
300 ## - DESCRIPCIÓN FÍSICA
Extensión 93 p. ;
Dimensiones 21 cm.
650 #4 - PUNTO DE ACCESO ADICIONAL DE MATERIA--TÉRMINO DE MATERIA
Término de materia o nombre geográfico como elemento de entrada Administración municipal-
Subdivisión geográfica América Latina-
Subdivisión de forma Congresos y asambleas.
9 (RLIN) 172611
710 2# - ENTRADA AGREGADA--NOMBRE DE ENTIDAD CORPORATIVA
Nombre de entidad corporativa o nombre de jurisdicción como elemento de entrada Unión de Ciudades Capitales Iberoamericanas.
9 (RLIN) 7007
710 1# - ENTRADA AGREGADA--NOMBRE DE ENTIDAD CORPORATIVA
Nombre de entidad corporativa o nombre de jurisdicción como elemento de entrada Madrid.
Unidad subordinada Ayuntamiento
9 (RLIN) 234069
852 ## - LOCALIZACIÓN
Ubicación ES-MaACL
Número de control de estantería L-6769
Holdings
Estatus retirado Estado de pérdida Estado de daño No para préstamo Biblioteca de origen Biblioteca actual Ubicación en estantería Fecha de adquisición Fuente de adquisición Total de préstamos Signatura topográfica completa Código de barras Visto por última vez Precio de reemplazo Tipo de ítem Koha
        Biblioteca del Ateneo de Madrid Biblioteca del Ateneo de Madrid Depósito 2 17/01/2008     L-6769 1153952 23/02/2023 23/02/2023 Libro impreso